Online Catalogue and eLibrary

The sociology of freedom (Record no. 697)

MARC details
000 -LEADER
fixed length control field 00381nam a2200157Ia 4500
005 - DATE AND TIME OF LATEST TRANSACTION
control field 20240711021431.0
008 - FIXED-LENGTH DATA ELEMENTS--GENERAL INFORMATION
fixed length control field 240331s9999 xx 000 0 und d
082 ## - DDC Classification
Class No. 100
Item Number - Author Mark CHA
100 ## - MAIN ENTRY--PERSONAL NAME
Personal name Chaitanya , K
245 #4 - TITLE STATEMENT
Title The sociology of freedom
260 ## - PUBLICATION, DISTRIBUTION, ETC.
Place of publication, distribution, etc. New Delhi
Name of publisher, distributor, etc. Manohar Publications
Date of publication, distribution, etc. 1978
300 ## - PHYSICAL DESCRIPTION
Extent (e.g. Volumes, Pages etc.) xv, 449 p .,
650 ## - SUBJECT ADDED ENTRY--TOPICAL TERM
Topical term or geographic name entry element Psychology
650 ## - SUBJECT ADDED ENTRY--TOPICAL TERM
Topical term or geographic name entry element Physics
942 ## - Koha item type (Biblio)
Koha item type Books in Stacks (Lending)
Holdings
Lost status Damaged status Collection code Home library Current library Shelving location Date acquired Full call number Accession Number Item type
    Lending WERC Library WERC Library Social Science Cupboard 03/31/2024 100 CHA 994 Books in Stacks (Lending)

© WERC Library